23th RSEP International Economics, Finance & Business Conference Conference Proceedings

Enregistré dans:
Détails bibliographiques
Collectivité auteur: RSEP International Economics, Finance & Business Conference. Conference
Autres auteurs: Kaya, M. Veysel, Chodnicka - Jaworska, Patrycja
Format: Livre
Langue:anglais
Publié: Ankara BC Publishing 2021
Édition:1st Edition
Sujets:
Tags: Ajouter un tag
Pas de tags, Soyez le premier à ajouter un tag!

MARC

LEADER 00000nam a2200000 4500
001 0280058
005 20240822101717.8
020 |a 978-605-70583-5-5 
041 0 |a eng 
044 |a TR 
245 1 0 |a 23th RSEP International Economics, Finance & Business Conference  |b Conference Proceedings  |c Editors: M. Veysel Kaya, Patrycja Chodnicka - Jaworska 
250 |a 1st Edition 
264 1 |a Ankara  |b BC Publishing  |c 2021 
300 |a 368 s. 
610 2 0 |a financie medzinárodné 
610 2 0 |a obchod medzinárodný 
610 2 0 |a ekonómia medzinárodná 
700 1 |a Kaya, M. Veysel 
700 1 |a Chodnicka - Jaworska, Patrycja 
110 2 |a RSEP International Economics, Finance & Business Conference. Conference